Normal view
MARC view
- المجالي، بكر خازر
Entry Personal Name
001 - CONTROL NUMBER
- control field: 49170
003 - CONTROL NUMBER IDENTIFIER
- control field: JO-AjAnu
005 - DATE AND TIME OF LATEST TRANSACTION
- control field: 20230606082114.0
008 - FIXED-LENGTH DATA ELEMENTS
- fixed length control field: 230606|| aca||aabn | a|a d
040 ## - CATALOGING SOURCE
- Original cataloging agency: JO-AjAnu
- Transcribing agency: JO-AjAnu
100 ## - HEADING--PERSONAL NAME
- Personal name: المجالي، بكر خازر
670 ## - SOURCE DATA FOUND
- Source citation: Work cat.: (JO-AjAnu)25148: المجالي، بكر خازر, author, الشريف الحسين ملكا في المنفى